Land Use control handbook: industrial property development (Record no. 85608)

MARC details
000 -LEADER
fixed length control field 00418cam a2200169 4500
001 - CONTROL NUMBER
control field D6461
008 - FIXED-LENGTH DATA ELEMENTS--GENERAL INFORMATION
fixed length control field 090401t1981 xxu||||| |||| 00| 0 eng d
035 ## - SYSTEM CONTROL NUMBER
System control number (Sirsi) u987
041 ## - LANGUAGE CODE
Language code of text/sound track or separate title eng
050 ## - LIBRARY OF CONGRESS CALL NUMBER
Classification number 333.336
245 ## - TITLE STATEMENT
Title Land Use control handbook: industrial property development
260 ## - PUBLICATION, DISTRIBUTION, ETC.
Place of publication, distribution, etc. Reading
Name of publisher, distributor, etc. CALUS
Date of publication, distribution, etc. 1981
300 ## - PHYSICAL DESCRIPTION
Extent 6 booklets in binder. 27cm
350 ## - PRICE (NR) (BK AM CF MU VM SE) [OBSOLETE]
Price 24
942 ## - ADDED ENTRY ELEMENTS (KOHA)
Suppress in OPAC 0
948 ## - LOCAL PROCESSING INFORMATION (OCLC); SERIES PART DESIGNATOR (RLIN)
c (OCLC) 04/03/1997
Holdings
Withdrawn status Lost status Source of classification or shelving scheme Damaged status Not for loan Home library Current library Shelving location Date acquired Cost, normal purchase price Total Checkouts Full call number Barcode Date last seen Copy number Cost, replacement price Price effective from Koha item type
    Dewey Decimal Classification     London London Basement 14/09/1999 24.00   SHELF 118 30002765 06/08/2019 1 24.00 06/08/2019 Book